000
00207nam a2200109Ia 4500
100
_a
ANTONY/JAY
942
_c
BK
245
_a
MANAGEMENT & MACHIAVELLI.
260
_b
#N/A
546
_a
ENGLISH
999
_c
34943
_d
34943